Kỹ thuật trồng cây củ đậu và cây đậu rồng

Sách trình bày nguồn gốc lịch sử và giá trị kinh tế của cây củ đậu, điều kiện sinh thái, kỹ thuật trồng. Nguồn gốc của, đặc tính sinh vật học và kỹ thuật trồng của cây đậu rồng

Đã lưu trong:
書目詳細資料
主要作者: Đinh, Thế Lộc
格式: 圖書
語言:Undetermined
出版: Hà Nội Khoa học Tự nhiên và Công nghệ 2008
主題:
標簽: 添加標簽
沒有標簽, 成為第一個標記此記錄!
Thư viện lưu trữ: Trung tâm Học liệu Trường Đại học Cần Thơ
LEADER 00947nam a2200205Ia 4500
001 CTU_142320
008 210402s9999 xx 000 0 und d
020 |c 15000 
082 |a 635.657 
082 |b L451 
100 |a Đinh, Thế Lộc 
245 0 |a Kỹ thuật trồng cây củ đậu và cây đậu rồng 
245 0 |c Đinh Thế Lộc 
260 |a Hà Nội 
260 |b Khoa học Tự nhiên và Công nghệ 
260 |c 2008 
520 |a Sách trình bày nguồn gốc lịch sử và giá trị kinh tế của cây củ đậu, điều kiện sinh thái, kỹ thuật trồng. Nguồn gốc của, đặc tính sinh vật học và kỹ thuật trồng của cây đậu rồng 
650 |a Chick-peas,Garden legumes,Cây củ đậu,Psophocarpus tetragonolobus 
904 |i Năm 
980 |a Trung tâm Học liệu Trường Đại học Cần Thơ